Sports Quiz

Random Sports Quiz
Score 0/51 Timer 15:00
7 Plays Today
Sélections Joueur % Correct
123 - AttaquantThierry Henry
97.9%
108 - MilieuZinédine Zidane
95.4%
142 - DéfenseurLilian Thuram
95.3%
114 - GardienHugo Lloris
95.2%
87 - GardienFabien Barthez
95.1%
97 - DéfenseurLaurent Blanc
90.7%
103 - MilieuDidier Deschamps
90%
71 - AttaquantDavid Trezeguet
88.2%
116 - DéfenseurMarcel Desailly
87.8%
72 - MilieuMichel Platini
87.5%
97 - AttaquantOlivier Giroud
87.2%
97 - DéfenseurBixente Lizarazu
86.4%
81 - AttaquantKarim Benzema
83.7%
64 - DéfenseurRaphaël Varane
80.8%
107 - MilieuPatrick Vieira
80.3%
63 - MilieuEmmanuel Petit
77.5%
78 - AttaquantAntoine Griezmann
77.1%
69 - MilieuPaul Pogba
75%
81 - MilieuFranck Ribéry
74.5%
71 - MilieuClaude Makelele
66.8%
92 - AttaquantSylvain Wiltord
65.3%
58 - DéfenseurWilly Sagnol
65%
82 - AttaquantYouri Djorkaeff
64.9%
81 - DéfenseurPatrice Évra
64.3%
79 - MilieuRobert Pirès
63.5%
84 - MilieuBlaise Matuidi
62.3%
Sélections Joueur % Correct
54 - AttaquantJean-Pierre Papin
61%
50 - DéfenseurFrank Leboeuf
59.1%
55 - AttaquantChristophe Dugarry
59%
69 - AttaquantNicolas Anelka
57%
84 - DéfenseurWilliam Gallas
53.5%
80 - MilieuFlorent Malouda
52.2%
67 - DéfenseurEric Abidal
50.1%
52 - MilieuJean Tigana
48.9%
53 - MilieuChristian Karembeu
47.1%
60 - MilieuLuis Fernandez
46.6%
51 - DéfenseurLaurent Koscielny
45.6%
65 - DéfenseurBacary Sagna
45.4%
65 - DéfenseurMarius Trésor
45.3%
50 - GardienJoël Bats
45%
52 - MilieuMathieu Valbuena
38.6%
49 - AttaquantSidney Govou
37.4%
82 - DéfenseurManuel Amoros
35.5%
49 - AttaquantDominique Rocheteau
31.2%
62 - MilieuMoussa Sissoko
29.6%
76 - DéfenseurMaxime Bossis
25.7%
56 - DéfenseurPatrick Battiston
23.2%
52 - AttaquantDidier Six
19.7%
58 - MilieuHenri Michel
9.6%
63 - DéfenseurRoger Marche
6.7%
58 - DéfenseurRobert Jonquet
4.7%
Remove Ads.
Support Sporcle.
Get the best of Sporcle when you Go Orange. This ad-free experience offers more features, more stats, and more fun while also helping to support Sporcle. Thank you for becoming a member.

You're not logged in!

Compare scores with friends on all Sporcle quizzes.
OR
Log In

Sporcle TV

Today on Sporcle TV


Watch our educational content, quiz creation guides, and fun videos on Sporcle TV.

Show Comments

Extras

Created Jul 10, 2020ReportNominate
Tags:cap, Equipe, France, les, plu, selection

Top Quizzes Today


Score Distribution

Paid Content

Your Account Isn't Verified!

In order to create a playlist on Sporcle, you need to verify the email address you used during registration. Go to your Sporcle Settings to finish the process.

Report this User

Report this user for behavior that violates our Community Guidelines.

Details: